MDQL
is popping MORE tags! Check the
thread
!
Quizzes
Events
Quiz Creation
Community
Videos
Private Events
Remove Ads
Sign In
Join for FREE
Feedback
Dark Mode
Quiz Categories
Sports
Geography
Music
Movies
Television
Just For Fun
Miscellaneous
History
Literature
Language
Science
Gaming
Entertainment
Religion
Holiday
For Kids
Quiz Lab
Recent
Popular Today
Quiz Kudos Today
Editor Picks
Curator Picks
Quizzes by...
Day
Popularity
Type
Ratings
Length
Year
Community
Subscriptions
Recent Discussions
Orange Saloon
Badges
Playlists
Quests
Create
Leaderboards
Showdown
Live 5
Trivia Bingo
Activity
Puzzle Library
Sporcle Events
Private Events
Virtual Trivia
Globe League
Become a Host
Pub Owners
SporcleCon
Opinionation
Our Games
Videos
Blog
Mobile Apps
Partnerships
Remove Ads and Go Orange
Feedback
Science
Computer
Plants
Astronomy
Chemistry
Elements
Math
Animal
Physics
Anatomy
Biology
Geology
General Science
Science
Computer
Plants
Astronomy
Chemistry
Elements
Math
Animal
Physics
Anatomy
Biology
Geology
General Science
Random Quiz
Search Sporcle
×
Quiz Lab
Quiz Lab
Science
scientist
Type in answers that appear in a list
Type in answers that appear in a list
Classic
Best Score? Go Orange.
Top 30 Scientists Stats
Can you name the Top 30 Scientists?
By
niceday
6m
30 Questions
57 Plays
57 Plays
57 Plays
Comments
Comments
Give Quiz Kudos
Give Quiz Kudos
-
- Ratings
hide this ad
Replay
Link that replays current quiz
Next Quiz
Link to next quiz in quiz playlist
You Got
0%
They Got
Avg Score
31%
Avg Friend Score
Upgrade to see
Score Distribution
Jump to the score distribution portion of the page
Score
0/30
Timer
06:00
0
Plays Today
Birth/Death Date
Scientist
% Correct
1879-
1955
Albert Einstein
91.2%
1642-
1727
Isaac Newton
84.2%
1867-
1934
Marie Curie
71.9%
c.384-
322 BCE
Aristotle
61.4%
b.1942
Stephen Hawking
61.4%
287-
212 BCE
Archimedes
56.1%
1809-
1882
Charles Darwin
54.4%
1847-
1931
Thomas Edison
49.1%
1822-
1895
Louis Pasteur
45.6%
1564-
1642
Galileo Galilei
43.9%
1791-
1867
Michael Faraday
43.9%
1706-
1790
Benjamin Franklin
42.1%
1916-
2004 and b.1928
Crick and Watson
40.4%
1871-
1937
Ernest Rutherford
36.8%
1918-
1988
Richard Feynman
26.3%
Birth/Death Date
Scientist
% Correct
c.1214-
1292
Roger Bacon
24.6%
1889-
1953
Edwin Hubble
22.8%
1743-
1794
Antoine-Laurent Lavoisier
19.3%
1912-
1954
Alan Turing
14%
1578-
1657
William Harvey
10.5%
1635-
1703
Robert Hooke
10.5%
1791-
1871
Charles Babbage
7%
b.1919
James Lovelock
7%
965-
1040
Alhazen
5.3%
78-
139 CE
Zhang Heng
3.5%
1769-
1832
Georges Cuvier
3.5%
1880-
1930
Alfred Wegener
3.5%
1743-
1820
Joseph Banks
1.8%
1834-
1907
Dmitry Mendeleyev
1.8%
1910-
1994
Dorothy Hodgkin
1.8%
Quiz Playlist
Details
Report
Send in Message
Add To Playlist
Classic:
Type in answers that appear in a list
Last Updated: Feb 16, 2017
Quiz Scoreboard
CHALLENGE
Sign Up to Join the Scoreboard
Show All
Scores
Hide
Comments
May contain spoilers
Recently Published
Find the 'City' Movie
by crazypaving
Movies
60s
5x2 Blitz: Bands
by SL_Kpop136
Music
30s
Colored Red Africa Blitz
by spor1
Geography
30s
More to Explore
Quiz From the Vault
Featured Blog Post
14 Easter Pick-up Lines to Find Eggs With
hide this ad
You Might Also Like...
Tags
scientist
Top 30
Today's Top Quizzes in Science
Browse Science
hide this ad
Today's Top Quizzes in scientist
Browse scientist
Top Contributed Quizzes in Science
1
Windmill: Elements
2
Glycolysis
3
Square Numbers Scrambled (1-50)
4
17 TIMES TABLE
5
Elements In Images
6
Astronomy Spelling Bee
7
The First 100 Digits of Pi
8
3-letter Elementary Words
9
'C' Flowers II
10
Multiplication 12-19
Explore More
Trending Topics
Disney
Marvel
Harry Potter
Crossword
Kpop
NBA
Anime
Pokémon
WWE
NFL
Country
Puzzle
The Office
Soccer
Song
hide this ad
More By:
niceday
Quiz
Plays
Rating
Category
Featured
Created
First Countries to give Women the Vote
2,719
4.53
History
Aug 2, 2013
Pet Reptile Population
662
4.71
Geography
Jul 8, 2013
First Countries to abolish the Death Penalty
585
4.82
History
Aug 18, 2013
Countries with the most deaths in World War I
414
4.17
History
Aug 2, 2013
Countries with the most deaths in World War II
368
3.67
History
Aug 2, 2013
Go to Creator's Profile
Score Distribution
Quiz Creator Spotlight
niceday
Follow
Send a Message
Quizzes Created
-
Created Quiz Play Count
-
More By This Creator
Popular Quizzes Today
1
Colored Red Africa Blitz
2
Find the 'City' Movie
3
Find the US States - No Outlines Minefield
4
5x2 Blitz: Bands
5
The Countries of the World
6
Find the US States
7
US States
8
Find the Countries of Europe - No Outlines Minefield
More Science Quizzes
Big Cats: Close Up
Published
Trending Quizzes
Colored Red Europe Blitz I
Colored Red Europe Blitz II
Colored Red Africa Blitz II
Colored Red Europe Blitz III
Colored Red Africa Blitz III
Recently Updated
How Do You Spell That?
pecheneg
Godzilla Movies
pecheneg
Grab Bag: 4-10 Letters
pecheneg
2024 March Madness Bracket
pecheneg
Famous TV Couples
Peacemaker
Champions League XIs: Real Madrid
pecheneg
Largest US Cities 1790-2010
pecheneg
Rides in Walt Disney World
pecheneg
Most Oscar Losses (Acting)
pecheneg
Beyoncé Albums
pecheneg
Trending Topics
Harry Potter
Marvel
Anime
NBA
Kpop
Disney
Crossword
Song
NFL
Pokémon
The Office
Puzzle
WWE
Country
Soccer
Your Account Isn't Verified!
In order to create a playlist on Sporcle, you need to verify the email address you used during registration. Go to your
Sporcle Settings
to finish the process.
Report this User
Report this user for behavior that violates our
Community Guidelines
.
Details:
Send Report
Go to the Sporcle.com Mobile Site →
Comments